[Event "Paul Keres mem. (44th)"]
[Site "Richmond CAN"]
[Date "2019.05.20"]
[Round "6.9"]
[White "Salcedo, Daniel E"]
[Black "Li, Kevin"]
[Result "1/2-1/2"]
[WhiteElo "2021"]
[BlackElo "1954"]
[PlyCount "47"]
[EventDate "2019.05.18"]
[EventType "swiss"]
[EventRounds "6"]
[EventCountry "CAN"]

1. d4 e6 2. c4 Nf6 3. Nc3 Bb4 4. e3 b6 5. Bd3 Bb7 6. Nf3 Ne4 7. Bxe4 Bxe4 8.
O-O Bxc3 9. bxc3 O-O 10. Nd2 Bb7 11. e4 f5 12. exf5 Rxf5 13. f4 Qf6 14. Qe2
Rxf4 15. Ba3 Na6 16. Rxf4 Qxf4 17. Rf1 Qh4 18. g3 Qg5 19. Qf2 Qf5 20. Qe3 Qh5
21. Qf4 h6 22. Nf3 Qf5 23. Qxf5 exf5 24. Nh4 1/2-1/2

[Event "Paul Keres mem. (44th)"]
[Site "Richmond CAN"]
[Date "2019.05.20"]
[Round "6.10"]
[White "Taylor, Tristan"]
[Black "Zheng, Victor"]
[Result "1-0"]
[WhiteElo "2005"]
[BlackElo "2000"]
[PlyCount "189"]
[EventDate "2019.05.18"]
[EventType "swiss"]
[EventRounds "6"]
[EventCountry "CAN"]

1. e4 c5 2. Nf3 d6 3. d4 cxd4 4. Nxd4 Nf6 5. Nc3 a6 6. h3 g6 7. g4 Bg7 8. Bg2
O-O 9. Be3 Bd7 10. Qd2 Nc6 11. f4 Rc8 12. O-O-O Qa5 13. Nb3 Qc7 14. g5 Ne8 15.
Nd5 Qb8 16. Nb6 Rd8 17. Nxd7 Rxd7 18. h4 Nc7 19. h5 e6 20. hxg6 fxg6 21. Bh3
Re8 22. Qh2 d5 23. Nc5 Rde7 24. f5 exf5 25. exf5 Rxe3 26. f6 h5 27. gxh6 Bxf6
28. Nd7 Qd8 29. Nxf6+ Qxf6 30. Qxc7 R3e7 31. Qg3 d4 32. Rdf1 Re3 33. Rxf6 Rxg3
34. Bd7 Rd8 35. Bxc6 bxc6 36. Rxc6 a5 37. Ra6 Rg5 38. Ra7 Kh8 39. a3 Rc5 40.
Rg1 g5 41. Rf1 Rc6 42. Rxa5 d3 43. c3 Rxh6 44. Rxg5 Rh2 45. Rb5 Rc2+ 46. Kb1
Rg2 47. Rd1 Kg7 48. Rb4 Kf6 49. Rd4 Rb8 50. Rb4 Rd8 51. a4 Ke5 52. a5 Ra8 53.
Rxd3 Rxa5 54. Rbd4 Rb5 55. Rd2 Rg1+ 56. Rd1 Rg2 57. R4d2 Rg3 58. Re1+ Kf5 59.
Rf2+ Kg4 60. Re8 Rxc3 61. Rg8+ Kh3 62. Rf7 Rg3 63. Rxg3+ Kxg3 64. Rf6 Kg4 65.
Rf1 Rb8 66. Kc2 Rc8+ 67. Kb1 Rb8 68. Rc1 Kf5 69. Rc3 Ke5 70. Kc2 Kd4 71. b3 Kd5
72. Rc4 Rb7 73. Kc3 Rb8 74. b4 Rh8 75. Rc5+ Kd6 76. Kc4 Rh1 77. Kb5 Rb1 78. Rc2
Kd7 79. Ka5 Ra1+ 80. Kb6 Rb1 81. b5 Rb3 82. Ka6 Ra3+ 83. Kb7 Rb3 84. Rd2+ Ke7
85. b6 Rb1 86. Ka7 Ra1+ 87. Kb8 Rb1 88. b7 Rb3 89. Rd4 Rb1 90. Kc7 Rc1+ 91. Kb6
Rb1+ 92. Kc6 Rb2 93. Rd5 Rb1 94. Rb5 Rc1+ 95. Kb6 1-0

[Event "Paul Maisonneuve mem."]
[Site "Gatineau CAN"]
[Date "2019.10.22"]
[Round "1"]
[White "Danilov, Alex"]
[Black "Latreille, Etienne"]
[Result "1/2-1/2"]
[WhiteElo "1569"]
[BlackElo "1755"]
[PlyCount "65"]
[EventDate "2019.10.22"]
[EventType "swiss"]
[EventRounds "5"]
[EventCountry "CAN"]

1. c4 e5 2. g3 Nc6 3. Bg2 d6 4. Nc3 Be7 5. e4 Be6 6. d3 Qd7 7. Be3 h5 8. h4 Nf6
9. Bg5 Nd4 10. Bxf6 Bxf6 11. Nd5 c6 12. Ne3 Bd8 13. a3 Bb6 14. Ne2 a5 15. Nxd4
Bxd4 16. Qd2 a4 17. O-O O-O 18. Rab1 Bc5 19. Qe2 g6 20. Rbd1 Rfb8 21. Kh2 b5
22. cxb5 Rxb5 23. Rd2 Rab8 24. f4 exf4 25. gxf4 Bxe3 26. Qxe3 Bg4 27. Qd4 Qe7
28. Qf2 c5 29. e5 dxe5 30. Re1 Bf5 31. Rxe5 Qf6 32. Be4 Bxe4 33. dxe4 1/2-1/2

[Event "Paul Maisonneuve mem."]
[Site "Gatineau CAN"]
[Date "2019.10.22"]
[Round "1"]
[White "Jobin, Gilles G"]
[Black "Seguin, Hubert"]
[Result "1-0"]
[WhiteElo "1730"]
[BlackElo "1518"]
[PlyCount "53"]
[EventDate "2019.10.22"]
[EventType "swiss"]
[EventRounds "5"]
[EventCountry "CAN"]

1. e4 c5 2. c3 d5 3. exd5 Qxd5 4. d4 cxd4 5. cxd4 Nf6 6. Nc3 Qd8 7. Bc4 e6 8.
Nf3 Be7 9. O-O O-O 10. Qe2 Nc6 11. Be3 a6 12. Rad1 Qc7 13. a4 Rd8 14. Bd3 Nb4
15. Ne5 Bd6 16. Bg5 Nxd3 17. Rxd3 Bxe5 18. dxe5 Rxd3 19. Qxd3 Ng4 20. Rd1 h6
21. Qd8+ Qxd8 22. Rxd8+ Kh7 23. Bf4 g5 24. f3 gxf4 25. fxg4 Kg6 26. Ne4 b5 27.
Rg8+ 1-0

[Event "Paul Maisonneuve mem."]
[Site "Gatineau CAN"]
[Date "2019.10.22"]
[Round "1"]
[White "Lecorre, Joel"]
[Black "Rioux, Jocelyn"]
[Result "1/2-1/2"]
[WhiteElo "1496"]
[BlackElo "1681"]
[PlyCount "106"]
[EventDate "2019.10.22"]
[EventType "swiss"]
[EventRounds "5"]
[EventCountry "CAN"]

1. e4 e6 2. d3 d5 3. Nd2 c5 4. g3 Nc6 5. Bg2 d4 6. f4 e5 7. Nc4 f6 8. fxe5 fxe5
9. Nf3 Bd6 10. Nfxe5 Nxe5 11. Nxe5 Nf6 12. Nf3 O-O 13. O-O Ng4 14. Bg5 Be7 15.
Bd2 Bd6 16. Qe2 Bd7 17. Nh4 Qc7 18. Nf5 Bxf5 19. Rxf5 Rxf5 20. exf5 Nf6 21. Qf3
Rb8 22. Re1 b6 23. Re6 Kf7 24. Rxd6 Qxd6 25. Bf4 Qd8 26. Bxb8 Qxb8 27. Qe2 Qe8
28. Be4 Qe5 29. Kf2 Ke7 30. h3 Kd6 31. Qf3 Ke7 32. Kg2 Nxe4 33. dxe4 d3 34.
Qxd3 Qxb2 35. Qb3 Qe5 36. Qd5 Qxd5 37. exd5 Kd6 38. c4 b5 39. cxb5 Kxd5 40. g4
Ke4 41. Kf2 Kd3 42. g5 c4 43. f6 gxf6 44. gxf6 c3 45. f7 c2 46. f8=Q c1=Q 47.
Qf5+ Kd4 48. Qd7+ Ke5 49. Qe7+ Kd5 50. Qb7+ Ke5 51. Qxa7 Qd2+ 52. Kf1 Qd3+ 53.
Kg2 Qe4+ 1/2-1/2

[Event "Paul Maisonneuve mem."]
[Site "Gatineau CAN"]
[Date "2019.10.22"]
[Round "1"]
[White "Raymond, Daniel"]
[Black "Masse-Garneau, Anthony"]
[Result "1-0"]
[WhiteElo "1830"]
[BlackElo "1603"]
[PlyCount "47"]
[EventDate "2019.10.22"]
[EventType "swiss"]
[EventRounds "5"]
[EventCountry "CAN"]

1. e4 c5 2. Nf3 Nc6 3. Nc3 e6 4. d4 cxd4 5. Nxd4 Bb4 6. Ndb5 d6 7. a3 Bxc3+ 8.
Nxc3 a6 9. Be2 b5 10. O-O Nge7 11. Be3 O-O 12. f4 Qc7 13. Bf3 Bb7 14. Qe1 Rad8
15. Rd1 Rfe8 16. Qf2 Nc8 17. Rfe1 N6e7 18. Qg3 f5 19. Bd4 Nc6 20. Bf6 Rd7 21.
exf5 Rf7 22. Nd5 Qd7 23. fxe6 Rxe6 24. Bg4 1-0

[Event "Paul Maisonneuve mem."]
[Site "Gatineau CAN"]
[Date "2019.10.22"]
[Round "1"]
[White "Sabourin, Yves"]
[Black "Fang, Zhou"]
[Result "0-1"]
[WhiteElo "1491"]
[BlackElo "1415"]
[PlyCount "50"]
[EventDate "2019.10.22"]
[EventType "swiss"]
[EventRounds "5"]
[EventCountry "CAN"]

1. e4 e6 2. d4 d5 3. exd5 exd5 4. Nf3 Nc6 5. Be2 Nf6 6. O-O Bd6 7. Bg5 h6 8.
Bxf6 Qxf6 9. Nc3 Be6 10. Nb5 O-O-O 11. Nxd6+ Rxd6 12. c3 g5 13. b4 g4 14. Nd2
h5 15. Qa4 Qg5 16. Nb3 g3 17. hxg3 h4 18. g4 Bxg4 19. Bxg4+ Qxg4 20. f3 Qg3 21.
b5 h3 22. Rf2 h2+ 23. Kh1 Qxf2 24. bxc6 Rg6 25. cxb7+ Kb8 0-1

[Event "Paul Maisonneuve mem."]
[Site "Gatineau CAN"]
[Date "2019.10.22"]
[Round "1"]
[White "Simard, Paul"]
[Black "Berthiaume, Serge"]
[Result "1-0"]
[WhiteElo "1211"]
[BlackElo "1422"]
[PlyCount "85"]
[EventDate "2019.10.22"]
[EventType "swiss"]
[EventRounds "5"]
[EventCountry "CAN"]

1. d4 g6 2. c4 Bg7 3. Nf3 Nf6 4. Bf4 c5 5. e3 cxd4 6. exd4 O-O 7. Nc3 d6 8. Be2
Bg4 9. h3 Bf5 10. O-O Ne4 11. Nxe4 Bxe4 12. Re1 Bxf3 13. Bxf3 Nc6 14. Bxc6 bxc6
15. Rb1 Qa5 16. a3 Rfe8 17. Bg3 c5 18. dxc5 Qxc5 19. Qd3 Rac8 20. Bf4 Qxc4 21.
Qxc4 Rxc4 22. Bxd6 e6 23. b3 Rc2 24. Be5 f6 25. Bd4 a6 26. b4 e5 27. Bb6 f5 28.
f3 Rc3 29. a4 Re6 30. a5 Rc4 31. Red1 Bf8 32. Rd8 Kg7 33. Rd7+ Kh6 34. b5 Bc5+
35. Bxc5 Rxc5 36. b6 Rxa5 37. b7 e4 38. b8=Q e3 39. Qf4+ g5 40. Qb4 Rae5 41.
Rd6 e2 42. Rxe6+ Rxe6 43. Re1 1-0

[Event "Paul Maisonneuve mem."]
[Site "Gatineau CAN"]
[Date "2019.10.22"]
[Round "1"]
[White "Villeneuve, Denis"]
[Black "Fang, Johnny"]
[Result "1-0"]
[WhiteElo "1427"]
[BlackElo "1220"]
[PlyCount "37"]
[EventDate "2019.10.22"]
[EventType "swiss"]
[EventRounds "5"]
[EventCountry "CAN"]

1. e4 e5 2. Nf3 Nc6 3. d4 exd4 4. Bc4 Be7 5. c3 Nf6 6. e5 Ng4 7. cxd4 d5 8. Bd3
O-O 9. h3 Bb4+ 10. Nc3 Nh6 11. Bxh6 gxh6 12. Qc2 f5 13. g4 Ne7 14. gxf5 Bxf5
15. Bxf5 Nxf5 16. Rg1+ Ng7 17. Rg3 c5 18. a3 Ba5 19. b4 {et je suis incapable
de reconstituer cette partie qui s'est terminée au 48e coup par le gain des
Blancs.} 1-0

[Event "Paul Maisonneuve mem."]
[Site "Gatineau CAN"]
[Date "2019.10.22"]
[Round "1"]
[White "Zhao, Richie"]
[Black "Bourbonnais, Luc"]
[Result "0-1"]
[WhiteElo "1300"]
[BlackElo "1447"]
[PlyCount "68"]
[EventDate "2019.10.22"]
[EventType "swiss"]
[EventRounds "5"]
[EventCountry "CAN"]

1. e4 e6 2. d4 d5 3. e5 c5 4. c3 Nc6 5. Nf3 cxd4 6. cxd4 Nge7 7. Bb5 a6 8. Ba4
Ng6 9. O-O Bd7 10. Nc3 Be7 11. Qb3 b5 12. Nxb5 axb5 13. Bxb5 Rb8 14. a4 O-O 15.
Qc2 Nb4 16. Qb3 Bxb5 17. axb5 Rxb5 18. Bd2 Qd7 19. Ra4 Rfb8 20. Rfa1 Nc6 21.
Qd3 Rxb2 22. Bc3 R2b3 23. Nd2 Nf4 24. Qe3 Rxc3 25. Qxf4 h6 26. h3 Bg5 27. Qg4
Bxd2 28. Qe2 Bf4 29. Qe1 Rcb3 30. Qd1 Nxe5 31. Ra8 R3b7 32. Qc2 Nc6 33. g3 Bd6
34. R8a6 Nb4 0-1

[Event "Paul Maisonneuve mem."]
[Site "Gatineau CAN"]
[Date "2019.10.29"]
[Round "2"]
[White "Berthiaume, Serge"]
[Black "Zhao, Richie"]
[Result "1-0"]
[WhiteElo "1422"]
[BlackElo "1300"]
[PlyCount "35"]
[EventDate "2019.10.22"]
[EventType "swiss"]
[EventRounds "5"]
[EventCountry "CAN"]

1. d4 d5 2. Bf4 c5 3. e3 Nc6 4. Nf3 Qb6 5. Nc3 Nf6 6. Nb5 e5 7. Nxe5 Nxe5 8.
Bxe5 Kd7 9. c3 c4 10. Qa4 Qc6 11. b3 a6 12. bxc4 dxc4 13. Bxc4 b6 14. d5 Nxd5
15. Bxd5 Qxb5 16. Qxb5+ axb5 17. Bxa8 Ke6 18. f4 {et je suis incapable de
reconstituer le reste de la partie. Les Noirs ont abandonné au 28e coup.} 1-0

[Event "Paul Maisonneuve mem."]
[Site "Gatineau CAN"]
[Date "2019.10.29"]
[Round "2"]
[White "Bourbonnais, Luc"]
[Black "Raymond, Daniel"]
[Result "0-1"]
[WhiteElo "1447"]
[BlackElo "1830"]
[PlyCount "92"]
[EventDate "2019.10.22"]
[EventType "swiss"]
[EventRounds "5"]
[EventCountry "CAN"]

1. d4 d5 2. Nc3 e6 3. Bf4 Nf6 4. Nf3 Be7 5. e3 O-O 6. Bd3 c5 7. O-O Nc6 8. Ne5
Bd6 9. Nb5 Bb8 10. c3 a6 11. Na3 Bd6 12. Nc2 Qc7 13. Nxc6 Bxf4 14. Ne7+ Qxe7
15. exf4 b6 16. Re1 Qc7 17. g3 Bd7 18. Qf3 Rfe8 19. Re5 Bb5 20. Ne1 Bxd3 21.
Qxd3 c4 22. Qc2 Ne4 23. Rh5 g6 24. Rh4 Qe7 25. f3 Nd6 26. Qf2 f6 27. g4 e5 28.
fxe5 fxe5 29. dxe5 Qxe5 30. Nc2 b5 31. Re1 Qf6 32. Rh3 Nf7 33. Kg2 Qf4 34. Nd4
Qf6 35. f4 Nd6 36. Rhe3 Rxe3 37. Rxe3 Ne4 38. Qe1 Qxf4 39. Rf3 Qxg4+ 40. Kh1
Rf8 41. Rxf8+ Kxf8 42. Qf1+ Kg8 43. Nf3 Qh5 44. Qg2 Qg4 45. Qf1 Qf4 46. Qh3
Nf2+ 0-1

[Event "Paul Maisonneuve mem."]
[Site "Gatineau CAN"]
[Date "2019.10.29"]
[Round "2"]
[White "Fang, Johnny"]
[Black "Sabourin, Yves"]
[Result "1-0"]
[WhiteElo "1220"]
[BlackElo "1491"]
[PlyCount "43"]
[EventDate "2019.10.22"]
[EventType "swiss"]
[EventRounds "5"]
[EventCountry "CAN"]

1. e4 e5 2. Nf3 Nf6 3. Nc3 Nc6 4. Be2 Bb4 5. d3 d6 6. Be3 O-O 7. O-O Ng4 8. Bd2
f5 9. h3 fxe4 10. dxe4 Nf6 11. Bg5 Bxc3 12. bxc3 b6 13. Bxf6 Qxf6 14. Qd5+ Kh8
15. Qxc6 Bxh3 16. gxh3 Qh6 17. h4 Qg6+ 18. Kh1 Qg4 19. Rg1 Qxh4+ 20. Nh2 Rad8
21. Qxc7 Rc8 22. Qxg7# 1-0

[Event "Paul Maisonneuve mem."]
[Site "Gatineau CAN"]
[Date "2019.10.29"]
[Round "2"]
[White "Fang, Zhou"]
[Black "Jobin, Gilles G"]
[Result "1-0"]
[WhiteElo "1415"]
[BlackElo "1730"]
[PlyCount "59"]
[EventDate "2019.10.22"]
[EventType "swiss"]
[EventRounds "5"]
[EventCountry "CAN"]

1. d4 d6 2. e4 Nf6 3. Nc3 e5 4. Nf3 exd4 5. Nxd4 Nc6 6. Nxc6 bxc6 7. Bc4 Be7 8.
O-O O-O 9. h3 Nd7 10. f4 Nb6 11. Bb3 Ba6 12. Rf3 Bf6 13. Be3 Re8 14. Bd4 Bxd4+
15. Qxd4 c5 16. Qd2 c4 17. Ba4 Nxa4 18. Nxa4 Rxe4 19. Qd5 Qe8 20. Nc3 Re1+ 21.
Rxe1 Qxe1+ 22. Kh2 Qe8 23. Rg3 Rb8 24. Ne4 Qb5 25. Qd4 g6 26. Nf6+ Kf8 27.
Nxh7+ Kg8 28. Nf6+ Kf8 29. Re3 Qxb2 30. Re8+ 1-0

[Event "Paul Maisonneuve mem."]
[Site "Gatineau CAN"]
[Date "2019.10.29"]
[Round "2"]
[White "Rioux, Jocelyn"]
[Black "Danilov, Alex"]
[Result "0-1"]
[WhiteElo "1681"]
[BlackElo "1569"]
[PlyCount "130"]
[EventDate "2019.10.22"]
[EventType "swiss"]
[EventRounds "5"]
[EventCountry "CAN"]

1. e4 c5 2. Nf3 Nc6 3. d4 cxd4 4. Nxd4 g6 5. Be3 Bg7 6. c3 Nf6 7. Nd2 O-O 8.
Nxc6 bxc6 9. Bc4 d5 10. exd5 cxd5 11. Bd3 e5 12. O-O Ng4 13. Bc5 Re8 14. h3 Nf6
15. Bc2 Nd7 16. Ba3 Ba6 17. Re1 Bb5 18. Bb3 Nb6 19. Qc2 Rc8 20. Rac1 a5 21. Qd1
a4 22. Bc2 Bh6 23. Rb1 Qc7 24. Nf1 d4 25. Bd3 Nc4 26. cxd4 exd4 27. Bxc4 Rxe1
28. Qxe1 Bxc4 29. b3 axb3 30. axb3 Bd3 31. Ra1 Qc2 32. Qb4 Bf8 33. Qa4 Bxa3 34.
Qxa3 Be4 35. Qa4 Qc3 36. Rd1 Rd8 37. Qc4 Qb2 38. Qc7 Ra8 39. Qc4 Rd8 40. Qc7
Rd5 41. Qc4 Qc3 42. Qxc3 dxc3 43. Rxd5 Bxd5 44. Ne3 Bxb3 45. Kf1 c2 46. Nxc2
Bxc2 47. Ke2 Kg7 48. Ke3 Kf6 49. Kf4 g5+ 50. Kg4 Bd1+ 51. f3 Kg6 52. h4 h5+ 53.
Kg3 f6 54. hxg5 fxg5 55. f4 Kf5 56. fxg5 Kxg5 57. Kf2 Kg4 58. Kf1 h4 59. Kg1
Kg3 60. Kh1 Ba4 61. Kg1 Bb5 62. Kh1 Bc6 63. Kg1 Bd5 64. Kh1 Bxg2+ 65. Kg1 Bd5
0-1

[Event "Paul Maisonneuve mem."]
[Site "Gatineau CAN"]
[Date "2019.10.29"]
[Round "2"]
[White "Seguin, Hubert"]
[Black "Arcand, Pierre"]
[Result "1-0"]
[WhiteElo "1518"]
[BlackElo "1194"]
[PlyCount "109"]
[EventDate "2019.10.22"]
[EventType "swiss"]
[EventRounds "5"]
[EventCountry "CAN"]

1. e4 e5 2. Nf3 Nc6 3. Bb5 d6 4. d4 exd4 5. Nxd4 Bd7 6. O-O Nxd4 7. Bxd7+ Qxd7
8. Qxd4 Nf6 9. Nc3 Be7 10. h3 O-O 11. Be3 c5 12. Qd3 a6 13. Rfd1 Qc6 14. Nd5
Nxd5 15. exd5 Qb6 16. b4 Bf6 17. bxc5 dxc5 18. Rab1 Qc7 19. c4 Rfd8 20. a4 Be5
21. Rb3 Bd6 22. Rdb1 Ra7 23. Rb6 Rd7 24. Bd2 f6 25. Ba5 Qb8 26. Qb3 Qa8 27. Qc3
Be5 28. Qd2 Bd6 29. Re1 Qb8 30. Re6 Qf8 31. Rb3 Ra8 32. Bb6 Re8 33. Rbe3 Rxe6
34. Rxe6 Kf7 35. Qd1 g6 36. Qf3 Kg7 37. Ba5 Be5 38. Bc3 Bxc3 39. Qxc3 Re7 40.
Qe3 Rxe6 41. Qxe6 Qf7 42. Qb6 Qe7 43. Kf1 Kf7 44. d6 Qd7 45. Qxc5 Qc6 46. Qd4
Ke6 47. c5 f5 48. f4 b6 49. cxb6 Qxd6 50. Qxd6+ Kxd6 51. a5 Kc6 52. Ke2 h6 53.
Kd3 g5 54. g3 h5 55. fxg5 1-0

[Event "Paul Maisonneuve mem."]
[Site "Gatineau CAN"]
[Date "2019.11.05"]
[Round "3"]
[White "Arcand, Pierre"]
[Black "Rioux, Jocelyn"]
[Result "0-1"]
[WhiteElo "1194"]
[BlackElo "1681"]
[PlyCount "128"]
[EventDate "2019.10.22"]
[EventType "swiss"]
[EventRounds "5"]
[EventCountry "CAN"]

1. e4 e6 2. d4 d5 3. exd5 exd5 4. Nc3 Nf6 5. Nf3 Bb4 6. Bd2 O-O 7. Be2 Nc6 8.
O-O Bg4 9. a3 Bd6 10. Be3 a6 11. Nh4 Bd7 12. Bg5 h6 13. Bxf6 Qxf6 14. Nf3 Be6
15. Bd3 Rad8 16. Re1 Bg4 17. Nxd5 Qg5 18. Nxg5 Bxd1 19. Raxd1 hxg5 20. c3 Bxh2+
21. Kxh2 Rxd5 22. Be4 Rd6 23. d5 Nb8 24. Re3 Nd7 25. c4 Nf6 26. f3 b6 27. a4 a5
28. g4 g6 29. Kg2 Nd7 30. Kg3 Nc5 31. Bc2 Kg7 32. Rh1 Rdd8 33. Re2 Rh8 34. Rxh8
Rxh8 35. Kg2 Rc8 36. Kg3 Kf8 37. Re5 f6 38. Re3 Kf7 39. b3 Nd7 40. Re2 Nf8 41.
Bd3 Re8 42. Rxe8 Kxe8 43. f4 gxf4+ 44. Kxf4 Kf7 45. Be4 Nd7 46. Bc2 Ne5 47. Bb1
Nd7 48. Bc2 Nf8 49. Bd3 Ke7 50. Be4 Kd6 51. Ke3 Ke5 52. Bf3 f5 53. gxf5 Kxf5
54. Be4+ Ke5 55. Bd3 g5 56. Kf3 Kd4 57. Bf5 Kc3 58. Kg4 Kxb3 59. Kxg5 Kxa4 60.
Bd3 Kb3 61. Kf4 a4 62. Ke3 a3 63. Kd2 a2 64. Bc2+ Kxc4 0-1

[Event "Paul Maisonneuve mem."]
[Site "Gatineau CAN"]
[Date "2019.11.05"]
[Round "3"]
[White "Azar, Sebastien"]
[Black "Seguin, Hubert"]
[Result "1-0"]
[WhiteElo "1873"]
[BlackElo "1518"]
[PlyCount "49"]
[EventDate "2019.10.22"]
[EventType "swiss"]
[EventRounds "5"]
[EventCountry "CAN"]

1. e4 c5 2. Nf3 Nc6 3. Nc3 d6 4. d4 cxd4 5. Nxd4 Nf6 6. Be2 e6 7. O-O Be7 8.
Be3 O-O 9. f4 Re8 10. Kh1 a6 11. Qe1 Qc7 12. Rd1 b5 13. Nxc6 Qxc6 14. e5 d5 15.
exf6 Bxf6 16. Bf3 Bb7 17. Bd4 Bxd4 18. Rxd4 Rac8 19. f5 exf5 20. Qd2 Qb6 21.
Nxd5 Bxd5 22. Bxd5 Rcd8 23. Rd1 Kf8 24. h3 Re5 25. Qb4+ 1-0

[Event "Paul Maisonneuve mem."]
[Site "Gatineau CAN"]
[Date "2019.11.05"]
[Round "3"]
[White "Dupont-Mageau, Nicolas"]
[Black "Latreille, Etienne"]
[Result "0-1"]
[WhiteElo "1604"]
[BlackElo "1755"]
[PlyCount "92"]
[EventDate "2019.10.22"]
[EventType "swiss"]
[EventRounds "5"]
[EventCountry "CAN"]

1. e4 d5 2. exd5 Qxd5 3. Nc3 Qa5 4. d4 Nf6 5. Bc4 c6 6. Nge2 Bf5 7. O-O e6 8.
Bf4 Be7 9. Ng3 Bg6 10. a3 O-O 11. Re1 Qd8 12. Nce4 Nd5 13. Bxb8 Rxb8 14. c3 Qc7
15. Qf3 a5 16. Rad1 Rfd8 17. Rd2 Nf4 18. Ne2 Nh5 19. N2g3 Nf6 20. Ng5 h6 21.
Nh3 Bd6 22. Bd3 Bxd3 23. Rxd3 b5 24. Kf1 b4 25. axb4 axb4 26. Ne4 Nxe4 27. Rxe4
Qa5 28. Re1 Qa6 29. Qe2 bxc3 30. bxc3 Rb3 31. Rf3 Qa3 32. Qc4 c5 33. d5 exd5
34. Qxd5 Qa6+ 35. Qd3 Ra3 36. Qxa6 Rxa6 37. c4 Bf8 38. Re4 Ra2 39. Nf4 Rd1+ 40.
Re1 Rxe1+ 41. Kxe1 Rc2 42. Nd3 Rxc4 43. Kd2 f6 44. Nf4 Kf7 45. Kd3 Ra4 46. Nd5
Rd4+ 0-1

[Event "Paul Maisonneuve mem."]
[Site "Gatineau CAN"]
[Date "2019.11.05"]
[Round "3"]
[White "Villeneuve, Denis"]
[Black "Desjardins, Michel"]
[Result "0-1"]
[WhiteElo "1427"]
[BlackElo "1913"]
[PlyCount "100"]
[EventDate "2019.10.22"]
[EventType "swiss"]
[EventRounds "5"]
[EventCountry "CAN"]

1. e4 d5 2. d4 dxe4 3. Nc3 Bf5 4. f3 Nf6 5. Bg5 Nbd7 6. Qe2 c6 7. fxe4 Bg6 8.
Nf3 h6 9. Bh4 Qa5 10. e5 Ne4 11. Qe3 e6 12. Nd2 Nxc3 13. bxc3 Bxc2 14. Be2 g5
15. Bg3 Be7 16. O-O Bg6 17. c4 O-O 18. Bd3 Bxd3 19. Qxd3 Rad8 20. Qe3 Nb6 21.
Rfc1 Ba3 22. Rc2 Qa4 23. Qb3 Be7 24. Bf2 Qxb3 25. axb3 Ra8 26. Ne4 Nd7 27. c5
a6 28. Nd6 Bxd6 29. cxd6 Nb6 30. h4 Nd5 31. hxg5 hxg5 32. g3 Nb4 33. Rc3 g4 34.
Kg2 Kg7 35. Rh1 Rh8 36. Rcc1 Nd3 37. Rcf1 Rxh1 38. Rxh1 b5 39. Be3 a5 40. Bg5
Ra7 41. Bf6+ Kg6 42. Rh8 a4 43. bxa4 bxa4 44. Re8 a3 45. Re7 Ra8 46. d7 a2 47.
Re8 a1=Q 48. Rxa8 Qb2+ 49. Kh1 Nf2+ 50. Kg1 Nh3+ 0-1

[Event "Paul Maisonneuve mem."]
[Site "Gatineau CAN"]
[Date "2019.11.12"]
[Round "4"]
[White "Bourbonnais, Luc"]
[Black "Lecorre, Joel"]
[Result "0-1"]
[WhiteElo "1447"]
[BlackElo "1490"]
[PlyCount "64"]
[EventDate "2019.10.22"]
[EventType "swiss"]
[EventRounds "5"]
[EventCountry "CAN"]

1. d4 c5 2. d5 d6 3. c4 e5 4. e4 Nf6 5. Nc3 Be7 6. Bd3 Nbd7 7. Nf3 Nf8 8. h3
Ng6 9. O-O O-O 10. a3 b6 11. b4 a6 12. Be3 h6 13. Rb1 Nd7 14. a4 Nf4 15. b5 a5
16. Kh2 Nf6 17. Bxf4 exf4 18. Qd2 g5 19. e5 dxe5 20. Nxe5 Bd6 21. Nf3 Re8 22.
Rbe1 Ra7 23. Rxe8+ Qxe8 24. Re1 Re7 25. Rxe7 Qxe7 26. Qc2 g4 27. Ng1 Qe5 28.
hxg4 f3+ 29. g3 Nxg4+ 30. Kh1 Qh5+ 31. Nh3 Qxh3+ 32. Kg1 Qg2# 0-1

[Event "Paul Maisonneuve mem."]
[Site "Gatineau CAN"]
[Date "2019.11.12"]
[Round "4"]
[White "Jobin, Gilles G"]
[Black "Bastien, Andre"]
[Result "1/2-1/2"]
[WhiteElo "1730"]
[BlackElo "1751"]
[PlyCount "41"]
[EventDate "2019.10.22"]
[EventType "swiss"]
[EventRounds "5"]
[EventCountry "CAN"]

1. e4 c5 2. c3 Nf6 3. e5 Nd5 4. d4 cxd4 5. cxd4 Nc6 6. Nc3 Qa5 7. Nf3 g6 8. Qb3
e6 9. Bd2 Nxc3 10. bxc3 Qc7 11. Bd3 a6 12. h4 h5 13. Ng5 d5 14. Qc2 Rg8 15. Rh3
Ne7 16. Nh7 Bg7 17. Bg5 Nf5 18. Nf6+ Bxf6 19. Bxf6 Bd7 20. Kd2 Bb5 21. Qb3
1/2-1/2

[Event "Paul Maisonneuve mem."]
[Site "Gatineau CAN"]
[Date "2019.11.12"]
[Round "4"]
[White "Raymond, Daniel"]
[Black "Azar, Sebastien"]
[Result "1-0"]
[WhiteElo "1830"]
[BlackElo "1873"]
[PlyCount "67"]
[EventDate "2019.10.22"]
[EventType "swiss"]
[EventRounds "5"]
[EventCountry "CAN"]

1. e4 c5 2. Nf3 d6 3. d4 cxd4 4. Nxd4 Nf6 5. Nc3 g6 6. Be2 Bg7 7. O-O O-O 8.
Bg5 Nc6 9. Nb3 Be6 10. f4 Qd7 11. Bf3 Bg4 12. Nd5 Bxf3 13. Qxf3 Nxd5 14. exd5
Nd4 15. Qd3 Nxb3 16. Qxb3 h6 17. Bh4 Rac8 18. Rfe1 Rfe8 19. c3 Rc5 20. Rad1 a6
21. Bf2 Rb5 22. Qa4 Qd8 23. Qc2 Qd7 24. b3 Rc8 25. c4 Ra5 26. Bb6 Ra3 27. Re2
Qg4 28. Rf1 Kf8 29. Rd2 Qf5 30. Qc1 Qf6 31. Qxa3 Qc3 32. Qc1 Qb4 33. Be3 b5 34.
Rc2 1-0

[Event "Paul Maisonneuve mem."]
[Site "Gatineau CAN"]
[Date "2019.11.12"]
[Round "4"]
[White "Rioux, Jocelyn"]
[Black "Villeneuve, Denis"]
[Result "0-1"]
[WhiteElo "1681"]
[BlackElo "1427"]
[PlyCount "148"]
[EventDate "2019.10.22"]
[EventType "swiss"]
[EventRounds "5"]
[EventCountry "CAN"]

1. e4 c5 2. Nf3 d6 3. d4 cxd4 4. Nxd4 Nf6 5. Nc3 a6 6. Be3 e6 7. Qd2 b5 8. a3
Bb7 9. f3 Be7 10. g4 h6 11. O-O-O Nbd7 12. Be2 d5 13. exd5 Nxd5 14. Nxd5 Bxd5
15. Nf5 exf5 16. Qxd5 fxg4 17. fxg4 Rc8 18. Rhf1 Nf6 19. Qxd8+ Bxd8 20. Bf3 O-O
21. h3 Rc7 22. Bf4 Rd7 23. Rxd7 Nxd7 24. Bc6 Nc5 25. Bd6 Bg5+ 26. Kb1 Rc8 27.
Bd5 Ne6 28. Bb7 Rd8 29. Bb4 Bd2 30. Bxa6 Bxb4 31. axb4 Rd5 32. Bb7 Re5 33. b3
Nd8 34. Bg2 Ne6 35. c4 Nd4 36. c5 Nxb3 37. Rd1 Nxc5 38. bxc5 Rxc5 39. Rd8+ Kh7
40. Be4+ g6 41. Rb8 Kg7 42. Rb6 Re5 43. Bg2 Re1+ 44. Kc2 Re2+ 45. Kd3 Rxg2 46.
Rxb5 Rg3+ 47. Ke4 Rxh3 48. Rb6 Rh1 49. Kf3 Rf1+ 50. Kg3 Rf6 51. Rb5 Re6 52. Kf3
Kf6 53. Kf4 g5+ 54. Kf3 Kg6 55. Rb8 Kg7 56. Rb5 Rf6+ 57. Kg3 Rd6 58. Rb3 Kg6
59. Rf3 f6 60. Re3 h5 61. gxh5+ Kxh5 62. Re8 Rd3+ 63. Kf2 f5 64. Ke2 Ra3 65.
Rd8 f4 66. Rd5 Kh4 67. Rd4 Kg3 68. Kf1 f3 69. Rd1 g4 70. Rc1 Ra4 71. Re1 Kf4
72. Kf2 g3+ 73. Kf1 g2+ 74. Kg1 Kg3 0-1

[Event "Paul Maisonneuve mem."]
[Site "Gatineau CAN"]
[Date "2019.11.12"]
[Round "4"]
[White "Zhao, Richie"]
[Black "Dupont-Mageau, Nicolas"]
[Result "0-1"]
[WhiteElo "1300"]
[BlackElo "1604"]
[PlyCount "52"]
[EventDate "2019.10.22"]
[EventType "swiss"]
[EventRounds "5"]
[EventCountry "CAN"]

1. e4 d6 2. d4 g6 3. Nf3 Bg7 4. Bc4 Nf6 5. Nc3 O-O 6. O-O Nbd7 7. Be3 e5 8. d5
Nb6 9. Bb3 Re8 10. Qd2 c6 11. Bh6 Bg4 12. Bxg7 Kxg7 13. Qe3 cxd5 14. exd5 a5
15. a3 h6 16. h3 Bf5 17. Rad1 a4 18. Ba2 Bxc2 19. Rd2 Bb3 20. Bxb3 axb3 21. g4
Nc4 22. Qe2 Nxd2 23. Qxd2 e4 24. Nd4 Qa5 25. Nxb3 Qb6 26. Re1 Qxb3 0-1